00369nam a2200145Ia 4500008004100000020001500041041001200056082001600068100001500084245005100099260003400150300000800184650001400192700001700206221030s9999 xx 000 0 und d a8187210095 aEnglish a105.23bJai aM. K. Jain 0aOrganic Chemistrycby M. K. Jain, S. C. Sharma bS. Lal NaginaNew Delhic1999 a982 aChemistry aS. C. Sharma